| АИС "Историко-культурное наследие Беларуси" | ||
| Базовый | Расширенный | Профессиональный | Словарь персоналий | Тематический словарь | По видам объектов | История запросов Заказы | Регистрация | |
Запись в MARC-формате
| копировать MARC-запись |
=LDR 00000nx\\c2200193\\\45\\
=001 BY-NLB-ar8032650
=005 20160330095642.8
=100 \\$a20141003arusy50\\\\\\ca0
=152 \\$apsbo
=160 \\$ae-bw
=215 \\$aКостел Наисвятейшей Девы Марии (Задорожье, деревня; Глубокский район)
=300 1\$aПостроен в 1910 г. на пожертвования прихожан. Памятник архитектуры неоготики. Архитектор – А. Дубовик.
=356 \\$aНаходится в д. Задорожье Плисского сельсовета Глубокского района Витебской области.
=415 \\$aЗадорожский костел
=515 \\$5w$3BY-NLB-ar8032725$aКасцёл Найсвяцейшай Дзевы Марыі (Задарожжа, вёска; Глыбоцкі раён)
=801 \0$aBY$bBY-HM0000$c20141003
=810 \\$aКаталіцкія храмы Беларусі / А. М. Кулагін. — Мінск, 2008.
=999 \\$f40 NLB-NDARD$t20141003
=999 \\$h1848 NLB-NDARD$t20141114
Чтобы вернуться назад, щелкните кнопку BACK на Вашем браузере